Normal view
MARC view
- FLUID POWER TECHNOLOGY OIL HYDRAULIC MAINTENANCE AND REPAIR PNEUMATIC MACHINERY MAINTENANCE AND REPAIR
Entry Topical Term
001 - CONTROL NUMBER
- control field: 75856
003 - CONTROL NUMBER IDENTIFIER
- control field: NUST
005 - DATE AND TIME OF LATEST TRANSACTION
- control field: 20210628205519.0
008 - FIXED-LENGTH DATA ELEMENTS
- fixed length control field: 210628|| aca||aabn | a|a d
040 ## - CATALOGING SOURCE
- Original cataloging agency: NUST
- Transcribing agency: NUST
150 ## - HEADING--TOPICAL TERM
- Topical term or geographic name entry element: FLUID POWER TECHNOLOGY OIL HYDRAULIC MAINTENANCE AND REPAIR PNEUMATIC MACHINERY MAINTENANCE AND REPAIR
670 ## - SOURCE DATA FOUND
- Source citation: Work cat.: (NUST): Hehn, Anton H 55877, Fluid power troubleshooting, 1995
